000 00385nam a2200157Ia 4500
999 _c2748
_d2748
003 OSt
005 20191003163707.0
008 190902s9999||||xx |||||||||||||| ||und||
020 _a978-0195775693
040 _cmaju
100 _aS.M. Burke
245 4 _aThe British Raj In India : An Historical Review
260 _aIndia
_bThe McGraw-Hill
_c1995
300 _a702
942 _cBK
_2ddc